Annual review of neuroscience

Bibliographic Details
Format: Electronic Serial
Language:English
Published: Palo Alto, Calif. : Annual Reviews
Subjects:
Online Access:Full text available from Research Library: 01/01/1997 to 07/31/2005

MARC

LEADER 00000nas a2200000 a 4500
001 ssj0009339
003 WaSeSS
005 20200512172242.0
006 m d
007 cr n
008 990510c19789999cauar ss 0 a0eng c
010 |a  2003215295 
016 7 |a 1470452 -3  |2 DE-600 
022 |a 1545-4126  |l 0147-006X  |y 0147-006X 
030 |a ARNSD5 
035 |a (WaSeSS)ssj0009339 
037 |b Annual Reviews, 4139 El Camino Way, P.O. Box 10139, Palo Alto, CA 94303-0139 
040 |a TMC  |b eng  |c TMC  |d EYM  |d OCL  |d OCLCQ  |d NSD  |d OCLCQ  |d UV$  |d SBH  |d CDS  |d GBT  |d OCLCQ  |d OCLCF  |d OCLCO  |d OCLCQ  |d ELW  |d OCLCO  |d WT2  |d OCLCO  |d OCLCA  |d AZU  |d UAB  |d DHU  |d OSU  |d BUF  |d OCLCO  |d U3W  |d OCLCO  |d AU@  |d OCLCO  |d WYU  |d OCLCO  |d OCLCA  |d DCHUA  |d VT2  |d NZHMA  |d OCLCO  |d NJT  |d OCLCQ  |d OCLCO  |d SFB  |d WaSeSS 
042 |a nsdp  |a pcc 
050 4 |a RC321  |b .A56 
082 1 0 |a 616.8  |2 13 
210 0 |a Annu. rev. neurosci.  |b (Online) 
222 0 |a Annual review of neuroscience  |b (Online) 
245 0 0 |a Annual review of neuroscience  |h [electronic resource]. 
260 |a Palo Alto, Calif. :  |b Annual Reviews 
310 |a Annual 
362 1 |a Print began in 1978. 
506 |a License restrictions may limit access. 
538 |a Mode of access: World Wide Web. 
588 0 |a Vol. 1 (1978); title from title screen of HTML (viewed June 27, 2003). 
650 0 |a Neurosciences  |v Periodicals. 
650 0 |a Neurology  |v Periodicals. 
650 2 |a Neurology. 
650 2 |a Neurosciences. 
650 7 |a Neurology.  |2 ebps 
650 7 |a Neurology.  |2 fast  |0 (OCoLC)fst01036390 
650 7 |a Neurosciences.  |2 fast  |0 (OCoLC)fst01036509 
655 0 |a Electronic journals. 
658 |a Physiology ejournals.  |2 local 
658 |a Neurology ejournals.  |2 local 
658 |a Neurosciences ejournals.  |2 local 
776 0 8 |i Print version:  |t Annual review of neuroscience  |x 0147-006X  |w (DLC) 78643473  |w (OCoLC)3505758 
856 4 0 |z Full text available from Research Library: 01/01/1997 to 07/31/2005  |u https://search.proquest.com/publication/48084